| 000 | 02213cas a2200517 a 4500 | ||
|---|---|---|---|
| 001 | 13517300 | ||
| 003 | NUST | ||
| 005 | 20220813170905.0 | ||
| 008 | 040310c19 | ||
| 010 |
_a 2005213853 _z 89013018 _z 92005851 _z 97168279 _z 2003269667 |
||
| 022 | 0 |
_a1554-9097 _21 |
|
| 035 | _a(OCoLC)ocm46764782 | ||
| 037 | _bNational Geographic Society, 1145 17th St., NW, Washington, DC 20036-4688 | ||
| 040 |
_aLPU _beng _cLPU _dOMP _dTJC _dOCLCQ _dNSD _dDLC _dVP@ _dOCLCQ _dOCLCF _dYDXCP _dOCLCQ _dHRF _dOCLCO _dWYU _dZQP |
||
| 042 |
_ansdp _alccopycat |
||
| 043 | _an-us--- | ||
| 050 | 0 | 0 |
_aE160 _b.N244 |
| 082 | 0 | 0 |
_a917.304/931 _222 |
| 222 | 0 | _aNational Geographic's guide to the national parks of the United States | |
| 245 | 0 | 0 | _aNational Geographic's guide to the national parks of the United States. |
| 246 | 1 | _aNational Geographic guide to the national parks of the United States | |
| 246 | 1 |
_iIssues for 2012- have title: _aNational Geographic guide to national parks of the United States |
|
| 246 | 3 | 0 | _aGuide to the national parks of the United States |
| 246 | 3 | 0 | _aNational parks of the United States |
| 246 | 3 | 0 | _aGuide to national parks of the United States |
| 260 |
_aWashington, D.C. : _bNational Geographic Society, _c2021. |
||
| 300 |
_a526p _billustrations, maps ; _c22 cm |
||
| 336 |
_atext _btxt _2rdacontent |
||
| 337 |
_aunmediated _bn _2rdamedia |
||
| 338 |
_avolume _bnc _2rdacarrier |
||
| 362 | 0 | _a1st ed.- | |
| 588 | _aLatest issue consulted: 7th ed. copyrighted in 2012. | ||
| 650 | 0 |
_aParks _zUnited States _vGuidebooks. _997064 |
|
| 650 | 7 |
_aParks. _2fast _0(OCoLC)fst01053705 _933616 |
|
| 651 | 0 |
_aUnited States _vGuidebooks. _997065 |
|
| 651 | 7 |
_aUnited States. _2fast _0(OCoLC)fst01204155 |
|
| 655 | 7 |
_aGuidebooks. _2lcgft _991586 |
|
| 655 | 7 |
_aGuidebooks. _2fast _0(OCoLC)fst01423871 _991586 |
|
| 710 | 2 |
_aNational Geographic Society (U.S.) _923302 |
|
| 906 |
_a7 _bcbc _cserials _d2 _encip _f20 _gn-oclcserc |
||
| 942 |
_2ddc _cLC |
||
| 999 |
_c590932 _d590932 |
||